| 000 | 00589nam a2200205Ia 4500 | ||
|---|---|---|---|
| 005 | 20250129050123.0 | ||
| 008 | 240331s9999 xx 000 0 und d | ||
| 020 | _a067469533X | ||
| 082 |
_bSEN _23924 _a304.6 |
||
| 100 | _aSen, G | ||
| 100 | _aSnow, R. C | ||
| 245 | 0 |
_aPower and Decision: _bThe Social Control of Reproduction |
|
| 260 |
_aMassachusetts _bDepartment of Population and International Health, Harvard School of Public Health _c1994 |
||
| 300 | _aii, 348 p., | ||
| 650 | _aReproduction | ||
| 650 | _aWomen | ||
| 650 | _aBirth Control | ||
| 650 | _aAbortion | ||
| 942 | _cL | ||
| 999 |
_c1409 _d1409 |
||